000 00527nam a22001697a 4500
005 20251108172207.0
008 250721s1992 xx 000 0 ara d
082 1 4 _a641.4/حمي
100 1 _aالمنشئ، حميد صادق
245 1 0 _aالمجمدة :
_bما يجب معرفته عن المجمدة و عن حفظ الأغذية فيها /
264 1 _aعمان :
_bدار حنين،
_c1992.
300 _a64ص
650 1 7 _aالأغذية
650 1 7 _aحفظ الأغذية
942 _2ddc
_cBK
999 _c72807
_d72807